| 000 | 00388nam a2200157Ia 4500 | ||
|---|---|---|---|
| 008 | 210716s2003 xx 000 0 und d | ||
| 020 | _a8120320956 | ||
| 041 | _aeng | ||
| 082 | _a621.395 MANM | ||
| 100 | _aMano, M Morris. | ||
| 245 | _aDigital design. | ||
| 250 | _a3 | ||
| 260 |
_aNew Delhi _bPrentice Hall of India PVt Ltd _c2003 |
||
| 300 | _axii,516 | ||
| 650 | _aDigital Systems | ||
| 999 |
_c186310 _d186310 |
||